| 000 | 00821nam a2200217Ia 4500 | ||
|---|---|---|---|
| 999 |
_c39483 _d39483 |
||
| 001 | 6077 | ||
| 003 | GE_BSU | ||
| 005 | 20190920152733.0 | ||
| 008 | 181216s1969||||ge |||||||||||||| ||geo|| | ||
| 040 | _cGE_BSU | ||
| 041 | _ageo | ||
| 080 | _a82-93:821.353.1-32 ა-80 | ||
| 100 |
_aართილაყვა, აკაკი _94190 |
||
| 245 |
_aჭონქა : _bმოთხრობები / _cაკაკი ართილაყვა ; რედ. ს. დემურხანაშვილი. |
||
| 264 |
_aთბილისი : _bნაკადული ; _c1969. |
||
| 300 |
_a70 გვ. ; _c17 სმ. |
||
| 653 | _aჭონქა | ||
| 653 | _aმოთხრობები | ||
| 700 |
_aდემურხანაშვილი, ს. _eრედაქტორი _94193 |
||
| 942 |
_cBK _2udc |
||